[Event "rhusmesterskabet 2019"]
[Site "Aarhus"]
[Date "2019.02.15"]
[Round "3.1"]
[White "Stovring, Claus"]
[Black "Vinther Schou, Uffe"]
[Result "0-1"]
[WhiteElo "2023"]
[BlackElo "2347"]
[PlyCount "60"]
[EventDate "2019.02.??"]
[EventType "swiss"]
[EventRounds "7"]
[EventCountry "DEN"]

1. e4 c5 2. Nf3 Nc6 3. Bb5 g6 4. O-O Bg7 5. Re1 e5 6. c3 Nge7 7. d4 cxd4 8.
cxd4 exd4 9. Nbd2 O-O 10. Nb3 Qb6 11. Bc4 d6 12. Bg5 Re8 13. Bd5 Bg4 14. Qd2
Bxf3 15. gxf3 Ne5 16. Kg2 Nxd5 17. exd5 Nc4 18. Rxe8+ Rxe8 19. Re1 Re5 20. Qc1
Qb5 21. Rxe5 Bxe5 22. Bh6 Bg7 23. Bxg7 Kxg7 24. Qg5 h6 25. Qf4 Qxd5 26. h4 d3
27. Nd2 Nxd2 28. Qxd2 Qc4 29. Kg3 Qc2 30. Qe3 d2 0-1

[Event "rhusmesterskabet 2019"]
[Site "Aarhus"]
[Date "2019.02.15"]
[Round "3.2"]
[White "Christensen, Tobias"]
[Black "Ramsdal, Jens Albert"]
[Result "1/2-1/2"]
[WhiteElo "2351"]
[BlackElo "2256"]
[PlyCount "135"]
[EventDate "2019.02.??"]
[EventType "swiss"]
[EventRounds "7"]
[EventCountry "DEN"]

1. c4 Nf6 2. Nc3 g6 3. d4 Bg7 4. Nf3 O-O 5. e4 d6 6. Be2 Na6 7. Be3 e5 8. dxe5
dxe5 9. Qxd8 Rxd8 10. O-O Bg4 11. Rfd1 c6 12. Rxd8+ Rxd8 13. Bxa7 Bxf3 14. Bxf3
Rd2 15. Rb1 Bf8 16. Be3 Rd3 17. Rd1 Rxd1+ 18. Bxd1 Bb4 19. Bd2 Bxc3 20. Bxc3
Nxe4 21. Bxe5 Nb4 22. a3 Nd3 23. Bd4 c5 24. Bc2 cxd4 25. Bxd3 Nc5 26. Bc2 d3
27. Bd1 Ne4 28. f3 Nd2 29. b3 Nb1 30. Kf2 Nc3 31. Ke1 Nb1 32. f4 b6 33. a4 Kf8
34. Bf3 Ke7 35. Kd1 Kd6 36. Kc1 Na3 37. Kd2 Kc5 38. Kxd3 Kb4 39. Bd1 Nb1 40. g4
Nc3 41. Bc2 Na2 42. Kd2 Kc5 43. h4 Kd4 44. f5 Nb4 45. fxg6 fxg6 46. g5 Nc6 47.
Bd1 Ne5 48. Be2 Nd7 49. b4 Ne5 50. a5 bxa5 51. bxa5 Kc5 52. Kc3 Nc6 53. a6 Kb6
54. h5 Kxa6 55. Bd3 Ne5 56. h6 Nf3 57. Bxg6 Nxg5 58. Bf5 Nf7 59. Bxh7 Nxh6 60.
Be4 Kb6 61. Kd4 Nf7 62. c5+ Kc7 63. Bd5 Nd8 64. Kc4 Kd7 65. Kb5 Kc7 66. Bf3 Ne6
67. Bg2 Nxc5 68. Kxc5 1/2-1/2

[Event "rhusmesterskabet 2019"]
[Site "Aarhus"]
[Date "2019.02.15"]
[Round "3.5"]
[White "Easwaralingam, Adesh"]
[Black "Svane, Henrik"]
[Result "1/2-1/2"]
[WhiteElo "2078"]
[BlackElo "2054"]
[PlyCount "25"]
[EventDate "2019.02.??"]
[EventType "swiss"]
[EventRounds "7"]
[EventCountry "DEN"]

1. e4 e6 2. d4 d5 3. Nd2 c5 4. Ngf3 cxd4 5. exd5 Qxd5 6. Bc4 Qd6 7. O-O Nf6 8.
Nb3 Nc6 9. Nbxd4 Nxd4 10. Nxd4 a6 11. Re1 Qc7 12. Bb3 Bd6 13. Nf5 1/2-1/2

[Event "rhusmesterskabet 2019"]
[Site "Aarhus"]
[Date "2019.02.15"]
[Round "3.6"]
[White "Ochsner, Henrik"]
[Black "Thybo, Thomas Sondergaard"]
[Result "0-1"]
[WhiteElo "1858"]
[BlackElo "2164"]
[PlyCount "79"]
[EventDate "2019.02.??"]
[EventType "swiss"]
[EventRounds "7"]
[EventCountry "DEN"]

1. d4 Nf6 2. c4 d6 3. Nf3 g6 4. Nc3 Bg7 5. h3 Nbd7 6. e3 O-O 7. Be2 e5 8. d5 a5
9. O-O Nc5 10. Nh2 Ne8 11. e4 f5 12. exf5 gxf5 13. f4 e4 14. Be3 Bd7 15. Bd4
Qe7 16. Kh1 a4 17. Rc1 b6 18. Nb5 Bxb5 19. cxb5 Bxd4 20. Qxd4 Qf6 21. Qxf6 Nxf6
22. Rfd1 Kf7 23. Nf1 Ng8 24. Ne3 Ne7 25. g4 Kg7 26. Rg1 Kh8 27. Rcf1 Rf7 28.
gxf5 Nxf5 29. Nxf5 Rxf5 30. Rg5 Raf8 31. Rxf5 Rxf5 32. Bc4 Nd3 33. b3 a3 34.
Kh2 Nb4 35. Kg3 Nxd5 36. Bxd5 Rxd5 37. f5 Kg7 38. Kf4 Re5 39. Re1 Kf6 40. Rc1
0-1

[Event "rhusmesterskabet 2019"]
[Site "Aarhus"]
[Date "2019.02.15"]
[Round "3.7"]
[White "Pedersen, Karsten Nymann"]
[Black "Christensen, John Christopher H"]
[Result "1-0"]
[WhiteElo "2035"]
[BlackElo "1814"]
[PlyCount "42"]
[EventDate "2019.02.??"]
[EventType "swiss"]
[EventRounds "7"]
[EventCountry "DEN"]

1. d4 d5 2. c4 c6 3. Nc3 Nf6 4. Nf3 e6 5. e3 Nbd7 6. Bd3 dxc4 7. Bxc4 b5 8. Bd3
a6 9. O-O Bb7 10. Qe2 c5 11. Rd1 Qb6 12. a3 Be7 13. dxc5 Nxc5 14. Bc2 O-O 15.
e4 Qc6 16. Bg5 h6 17. Bh4 Rfe8 18. Rac1 Nfxe4 19. Nxe4 Nxe4 20. Bxe7 Rxe7 21.
Bb1 Ra7 1-0

[Event "rhusmesterskabet 2019"]
[Site "Aarhus"]
[Date "2019.02.15"]
[Round "3.9"]
[White "Nilssen, Ellen Fredericia"]
[Black "Graabaek, Sebastian"]
[Result "1-0"]
[WhiteElo "2028"]
[BlackElo "1662"]
[PlyCount "57"]
[EventDate "2019.02.??"]
[EventType "swiss"]
[EventRounds "7"]
[EventCountry "DEN"]

1. d4 Nf6 2. c4 e6 3. Nf3 d5 4. Nc3 Bb4 5. e3 O-O 6. a3 Bxc3+ 7. bxc3 c5 8.
cxd5 exd5 9. Be2 Nbd7 10. O-O b6 11. a4 Bb7 12. a5 Ne4 13. Qb3 c4 14. Qb2 Qe7
15. Nd2 Ndf6 16. Nxe4 Nxe4 17. f3 Nd6 18. axb6 axb6 19. Rxa8 Rxa8 20. Qxb6 Ra2
21. Re1 Rc2 22. Bf1 g6 23. Ba3 Qh4 24. Qxd6 Qf2+ 25. Kh1 h5 26. Qf8+ Kh7 27.
Qxf7+ Kh6 28. Bf8+ Kg5 29. Qf4# 1-0

[Event "rhusmesterskabet 2019"]
[Site "Aarhus"]
[Date "2019.02.16"]
[Round "4.1"]
[White "Vinther Schou, Uffe"]
[Black "Christensen, Tobias"]
[Result "1/2-1/2"]
[WhiteElo "2347"]
[BlackElo "2351"]
[PlyCount "85"]
[EventDate "2019.02.??"]
[EventType "swiss"]
[EventRounds "7"]
[EventCountry "DEN"]

1. e4 e6 2. d4 d5 3. e5 c5 4. c3 Nc6 5. Nf3 Bd7 6. Be2 Nge7 7. Na3 cxd4 8. cxd4
Nf5 9. Nc2 Qa5+ 10. Bd2 Qb6 11. Bc3 Be7 12. O-O h5 13. Qd2 a5 14. a4 Nb4 15.
Ne3 g6 16. Nxf5 exf5 17. h4 Kf8 18. g3 Kg7 19. Ne1 Rac8 20. Ng2 Be6 21. Nf4 Rc7
22. Rfc1 Rcc8 23. Kg2 Rc7 24. Bb5 Rcc8 25. Qe3 Rhd8 26. Be2 Rc6 27. Bd2 Rh8 28.
Bc3 Qd8 29. Nh3 Rc8 30. Qd2 Qb6 31. Qd1 Nc6 32. Bb5 Nb4 33. Bd2 Rxc1 34. Rxc1
Rc8 35. Be3 Rxc1 36. Qxc1 Nc6 37. Bxc6 bxc6 38. Nf4 Bd7 39. Nd3 Qa6 40. Nc5
Bxc5 41. Qxc5 f4 42. Bxf4 Bh3+ 43. Kxh3 1/2-1/2

[Event "rhusmesterskabet 2019"]
[Site "Aarhus"]
[Date "2019.02.16"]
[Round "4.2"]
[White "Ramsdal, Jens Albert"]
[Black "Pedersen, Nicolai Kvist Brond"]
[Result "0-1"]
[WhiteElo "2256"]
[BlackElo "2269"]
[PlyCount "88"]
[EventDate "2019.02.??"]
[EventType "swiss"]
[EventRounds "7"]
[EventCountry "DEN"]

1. Nf3 Nf6 2. g3 b5 3. Bg2 Bb7 4. O-O e6 5. b3 Be7 6. Bb2 O-O 7. d3 d5 8. Nbd2
c5 9. Re1 Nc6 10. e4 d4 11. e5 Nd5 12. Ne4 a5 13. c3 a4 14. cxd4 a3 15. Bc1
cxd4 16. Bg5 Nxe5 17. Nxe5 Bxg5 18. Nxg5 Qxg5 19. h4 Qe7 20. Qg4 Nb4 21. Bxb7
Qxb7 22. Re2 Rac8 23. h5 h6 24. Rae1 Qd5 25. Nf3 Nxd3 26. Rd1 Rc1 27. Red2
Rxd1+ 28. Rxd1 Ne5 29. Nxe5 Qxe5 30. Rxd4 Qe1+ 31. Kg2 Rc8 32. Re4 Qd2 33. Re5
Qxa2 34. Rxe6 Qxb3 35. Rg6 Qd5+ 36. Kh2 fxg6 37. Qxc8+ Kh7 38. hxg6+ Kxg6 39.
Qc2+ Qf5 40. Qb3 b4 41. f3 Kh7 42. g4 Qe5+ 43. Kh3 Qc3 44. Qd5 Qc2 0-1

[Event "rhusmesterskabet 2019"]
[Site "Aarhus"]
[Date "2019.02.16"]
[Round "4.3"]
[White "Thybo, Thomas Sondergaard"]
[Black "Andersen, Thomas Klitgaard"]
[Result "1/2-1/2"]
[WhiteElo "2164"]
[BlackElo "2215"]
[PlyCount "120"]
[EventDate "2019.02.??"]
[EventType "swiss"]
[EventRounds "7"]
[EventCountry "DEN"]

1. d4 d5 2. Bg5 f6 3. Bd2 c5 4. e4 cxd4 5. Qh5+ g6 6. Qxd5 Qxd5 7. exd5 e6 8.
dxe6 Bxe6 9. Nf3 Nc6 10. Bb5 O-O-O 11. O-O Bd5 12. Ne1 a6 13. Ba4 Bc4 14. Nd3
Ne5 15. Nxe5 fxe5 16. Re1 Bd6 17. Bg5 Rf8 18. Nd2 Bd5 19. Bb3 Bxb3 20. axb3 Rf5
21. Bh4 Bb4 22. c3 dxc3 23. bxc3 Bd6 24. Nc4 Bc7 25. Bg3 Nf6 26. Nxe5 Nh5 27.
Nf3 Nxg3 28. hxg3 Rd8 29. Rad1 Rfd5 30. Rxd5 Rxd5 31. Kf1 a5 32. Ke2 Bb6 33. g4
Rb5 34. Nd2 Bd8 35. f3 Kd7 36. Kd3 Rd5+ 37. Kc2 b5 38. Ne4 Be7 39. Ra1 Bd8 40.
c4 bxc4 41. bxc4 Re5 42. Kc3 h5 43. Rd1+ Kc7 44. gxh5 gxh5 45. Kd4 Re6 46. g3
h4 47. gxh4 Bxh4 48. Kd5 Ra6 49. Rh1 Be7 50. Rh7 Kd8 51. c5 a4 52. Rh2 a3 53.
Ra2 Kd7 54. f4 Bf8 55. f5 Bg7 56. f6 Bxf6 57. Nxf6+ Rxf6 58. Rxa3 Kc7 59. Ra7+
Kc8 60. Rh7 Rg6 1/2-1/2

[Event "rhusmesterskabet 2019"]
[Site "Aarhus"]
[Date "2019.02.16"]
[Round "4.4"]
[White "Easwaralingam, Adesh"]
[Black "Pedersen, Karsten Nymann"]
[Result "1-0"]
[WhiteElo "2078"]
[BlackElo "2035"]
[PlyCount "49"]
[EventDate "2019.02.??"]
[EventType "swiss"]
[EventRounds "7"]
[EventCountry "DEN"]

1. e4 e6 2. d4 d5 3. Nd2 dxe4 4. Nxe4 Nd7 5. Nf3 Be7 6. Bd3 Ngf6 7. Nxf6+ Nxf6
8. O-O O-O 9. Ne5 c5 10. dxc5 Bxc5 11. Qe2 b6 12. Rd1 Qc7 13. Bg5 Bb7 14. Bxf6
gxf6 15. Nd7 f5 16. Bb5 a6 17. Nf6+ Kg7 18. Rd7 Qc8 19. Qe5 Kg6 20. Be2 Qb8 21.
Bh5+ Kh6 22. Rc7 Bd4 23. Qf4+ Kg7 24. Qg5+ Kh8 25. Qh6 1-0

[Event "rhusmesterskabet 2019"]
[Site "Aarhus"]
[Date "2019.02.16"]
[Round "4.5"]
[White "Fogh, Jens Olaf Svanholm"]
[Black "Jessen, Alexander"]
[Result "1-0"]
[WhiteElo "2062"]
[BlackElo "2042"]
[PlyCount "47"]
[EventDate "2019.02.??"]
[EventType "swiss"]
[EventRounds "7"]
[EventCountry "DEN"]

1. d4 Nf6 2. Nf3 g6 3. c3 Bg7 4. Nbd2 d5 5. e3 O-O 6. Bd3 Nbd7 7. Qe2 Re8 8.
Ne5 Nxe5 9. dxe5 Nd7 10. f4 Nc5 11. Bc2 b6 12. b4 Ba6 13. c4 Ne6 14. b5 Bb7 15.
Bb2 dxc4 16. Nxc4 Qd5 17. O-O Qxb5 18. f5 Nc5 19. e6 Bxb2 20. exf7+ Kxf7 21.
fxg6+ Kg8 22. Qh5 hxg6 23. Qxg6+ Bg7 24. Qh7# 1-0

[Event "rhusmesterskabet 2019"]
[Site "Aarhus"]
[Date "2019.02.16"]
[Round "4.6"]
[White "Svane, Henrik"]
[Black "Nilssen, Ellen Fredericia"]
[Result "1/2-1/2"]
[WhiteElo "2054"]
[BlackElo "2028"]
[PlyCount "31"]
[EventDate "2019.02.??"]
[EventType "swiss"]
[EventRounds "7"]
[EventCountry "DEN"]

1. d4 Nf6 2. c4 g6 3. Nc3 d5 4. Bf4 Bg7 5. e3 c5 6. dxc5 Qa5 7. Rc1 dxc4 8.
Bxc4 O-O 9. Nf3 Qxc5 10. Bb3 Nc6 11. O-O Qa5 12. h3 Bf5 13. Qe2 e5 14. Bh2 Rfe8
15. Rfd1 Be6 16. Bxe6 1/2-1/2

[Event "rhusmesterskabet 2019"]
[Site "Aarhus"]
[Date "2019.02.16"]
[Round "4.7"]
[White "Thogersen, Rasmus"]
[Black "Stovring, Claus"]
[Result "1-0"]
[WhiteElo "2288"]
[BlackElo "2023"]
[PlyCount "59"]
[EventDate "2019.02.??"]
[EventType "swiss"]
[EventRounds "7"]
[EventCountry "DEN"]

1. d4 e6 2. e4 b6 3. Nf3 Bb7 4. Bd3 Nf6 5. Qe2 Be7 6. O-O d5 7. e5 Nfd7 8. c3
c5 9. Bf4 Nc6 10. a3 c4 11. Bc2 b5 12. Nbd2 a5 13. g3 h6 14. h4 Nb6 15. Kg2 Kd7
16. Rh1 b4 17. g4 b3 18. Bb1 Bxh4 19. Nxh4 g5 20. Bg3 gxh4 21. Bxh4 Qf8 22. Bf6
Ne7 23. f4 Kc7 24. Bxh8 Qxh8 25. g5 Rg8 26. Kf2 Na4 27. Rxh6 Qg7 28. Rh7 Qf8
29. Qh5 Rg7 30. Qh6 1-0

[Event "rhusmesterskabet 2019"]
[Site "Aarhus"]
[Date "2019.02.16"]
[Round "4.9"]
[White "Taylor, Graham C"]
[Black "Reyzvikh, Artem"]
[Result "1-0"]
[WhiteElo "1877"]
[BlackElo "1018"]
[PlyCount "159"]
[EventDate "2019.02.??"]
[EventType "swiss"]
[EventRounds "7"]
[EventCountry "DEN"]

1. c4 e5 2. Nc3 f5 3. d4 exd4 4. Qxd4 Nc6 5. Qd3 d6 6. Nf3 Nb4 7. Qd2 g6 8. a3
Bh6 9. Qd1 Bxc1 10. Rxc1 Nc6 11. g3 Be6 12. Nd5 Nf6 13. Bg2 Bxd5 14. cxd5 Ne5
15. Nd4 a6 16. Ne6 Qe7 17. Nxc7+ Kf7 18. Nxa8 Rxa8 19. O-O Nh5 20. Qc2 f4 21.
Qc7 Nc6 22. Qxe7+ Nxe7 23. Rc7 b6 24. Rb7 b5 25. Rc1 Kf6 26. Rcc7 Re8 27. g4 f3
28. Bxf3 Nf4 29. e3 Nh3+ 30. Kg2 Ng5 31. h4 Nxf3 32. Kxf3 Nxd5 33. Rxh7 Rf8 34.
Kg3 Re8 35. Rbf7+ Ke5 36. Rhg7 Ke6 37. Ra7 Kf6 38. Rgb7 Ke6 39. Rxa6 Rf8 40.
Ra5 Nf6 41. f3 Nd5 42. e4 Nf4 43. Rbxb5 Ne2+ 44. Kf2 Nd4 45. Ke3 Nxb5 46. Rxb5
Rh8 47. h5 gxh5 48. Rxh5 Rb8 49. b4 Rc8 50. Kf4 Rf8+ 51. Rf5 Ra8 52. Ra5 Rf8+
53. Ke3 Rc8 54. Kd2 Rf8 55. Ke3 Rc8 56. g5 Rc3+ 57. Kf4 Rc8 58. a4 Rb8 59. Rb5
Rc8 60. a5 d5 61. Rxd5 Rb8 62. b5 Rb7 63. a6 Ra7 64. Kg4 Ke7 65. f4 Kf7 66. Rd6
Ke7 67. Rb6 Kd8 68. Rb7 Rxb7 69. axb7 Kc7 70. g6 Kd7 71. b8=Q Ke7 72. g7 Kd7
73. Qb7+ Kd6 74. e5+ Kc5 75. g8=Q Kd4 76. Qgd5+ Ke3 77. Qf3+ Kd2 78. Qbd5+ Kc2
79. Qa2+ Kc1 80. Qf1# 1-0

[Event "rhusmesterskabet 2019"]
[Site "Aarhus"]
[Date "2019.02.16"]
[Round "5.1"]
[White "Pedersen, Nicolai Kvist Brond"]
[Black "Vinther Schou, Uffe"]
[Result "1-0"]
[WhiteElo "2269"]
[BlackElo "2347"]
[PlyCount "125"]
[EventDate "2019.02.??"]
[EventType "swiss"]
[EventRounds "7"]
[EventCountry "DEN"]

1. Nf3 c5 2. c4 g6 3. Nc3 Bg7 4. d4 cxd4 5. Nxd4 Nc6 6. Nc2 Nf6 7. g3 O-O 8.
Bg2 d6 9. O-O Be6 10. b3 Qd7 11. Bg5 Bh3 12. Qd2 Rfc8 13. Rac1 Qe6 14. Rfd1
Bxg2 15. Kxg2 Ne4 16. Nxe4 Qxe4+ 17. Kg1 a5 18. a4 Ra6 19. Be3 h5 20. Na3 h4
21. Nb5 hxg3 22. hxg3 Nb4 23. f3 Qe5 24. Kg2 Qb2 25. Rb1 Qc2 26. Rdc1 Qxd2 27.
Bxd2 Rc5 28. Bxb4 axb4 29. Rd1 Ra8 30. Rd3 Bf6 31. Rbd1 Kg7 32. Rd5 Rac8 33.
Rxc5 Rxc5 34. Rd5 Kf8 35. e4 g5 36. Kf2 Be5 37. Rd1 Ke8 38. Nd4 e6 39. Nc2 Rc6
40. Rd3 Bc3 41. Ke3 Ke7 42. Nd4 Bxd4+ 43. Kxd4 Rc8 44. Rd2 b6 45. Rh2 Rg8 46.
Rh5 Kf6 47. f4 e5+ 48. fxe5+ dxe5+ 49. Kd5 Rd8+ 50. Kc6 Rd3 51. Kxb6 Rxb3 52.
a5 Ra3 53. a6 b3 54. Kb7 Ra4 55. Rh6+ Ke7 56. Rb6 Rxc4 57. a7 Ra4 58. Rxb3 Kd6
59. a8=Q Rxa8 60. Kxa8 g4 61. Kb7 f5 62. exf5 e4 63. f6 1-0

[Event "rhusmesterskabet 2019"]
[Site "Aarhus"]
[Date "2019.02.16"]
[Round "5.2"]
[White "Christensen, Tobias"]
[Black "Easwaralingam, Adesh"]
[Result "1-0"]
[WhiteElo "2351"]
[BlackElo "2078"]
[PlyCount "123"]
[EventDate "2019.02.??"]
[EventType "swiss"]
[EventRounds "7"]
[EventCountry "DEN"]

1. c4 Nf6 2. Nc3 e6 3. e3 Bb4 4. Nge2 O-O 5. a3 Be7 6. d4 d5 7. Ng3 c5 8. dxc5
dxc4 9. Bxc4 Qxd1+ 10. Nxd1 Bxc5 11. b4 Bd6 12. Bb2 Nbd7 13. Nc3 a6 14. Be2 Nb6
15. Nce4 Nxe4 16. Nxe4 Be7 17. Bd4 Nd5 18. Nd2 Bd7 19. O-O Rac8 20. Rfc1 Bf6
21. Bxf6 Nxf6 22. Bf3 Bc6 23. Bxc6 Rxc6 24. Rxc6 bxc6 25. Rc1 Rc8 26. Nb3 Nd7
27. Rd1 Ne5 28. Nc5 Kf8 29. a4 Ra8 30. a5 Ke8 31. f4 Ng4 32. e4 Nf6 33. Rd6 Rc8
34. Kf2 Ke7 35. Rd4 Ra8 36. h3 Ra7 37. Rc4 Nd7 38. Nd3 Rc7 39. Ke3 f6 40. Kd4
Kd6 41. e5+ Ke7 42. Nc5 Nb8 43. Ke4 f5+ 44. Ke3 h6 45. Rd4 Nd7 46. Nxd7 Rxd7
47. Rc4 Rc7 48. Kd4 Kd7 49. Kc5 Rb7 50. Rd4+ Kc7 51. Rd6 Rb5+ 52. Kc4 g5 53. g3
gxf4 54. gxf4 c5 55. bxc5 Rxa5 56. Rxe6 Ra4+ 57. Kd5 Rxf4 58. Rxh6 a5 59. Rh7+
Kd8 60. c6 a4 61. e6 Re4 62. Rd7+ 1-0

[Event "rhusmesterskabet 2019"]
[Site "Aarhus"]
[Date "2019.02.16"]
[Round "5.3"]
[White "Andersen, Thomas Klitgaard"]
[Black "Fogh, Jens Olaf Svanholm"]
[Result "0-1"]
[WhiteElo "2215"]
[BlackElo "2062"]
[PlyCount "100"]
[EventDate "2019.02.??"]
[EventType "swiss"]
[EventRounds "7"]
[EventCountry "DEN"]

1. Nf3 d5 2. c4 e6 3. g3 c6 4. b3 Nf6 5. Bg2 Bd6 6. Bb2 Nbd7 7. O-O e5 8. d4 e4
9. Ne5 Qe7 10. Nxd7 Bxd7 11. a4 h5 12. Ba3 Bxa3 13. Nxa3 h4 14. cxd5 cxd5 15.
Nb5 Bxb5 16. axb5 Qb4 17. Qc1 hxg3 18. hxg3 Qxb5 19. Qa3 Rh6 20. e3 Qd7 21.
Rfc1 Ng4 22. Qa5 Ra6 23. Qd2 Rxa1 24. Rxa1 a6 25. Rc1 Rc8 26. Bh3 f5 27. Bxg4
fxg4 28. Rc5 b6 29. Rxc8+ Qxc8 30. Qb4 Qc6 31. Qd2 Kd8 32. Qe2 Qc8 33. Kg2 Kc7
34. Qd2 Kb7 35. Qb4 Qd7 36. Qf8 a5 37. Qa3 g6 38. Kg1 Qc7 39. b4 Qd6 40. Qa4
Qc6 41. Qa3 a4 42. b5 Qxb5 43. Qe7+ Ka6 44. Kg2 Qb3 45. Qe8 a3 46. Qa8+ Kb5 47.
Qe8+ Kc4 48. Qc8+ Kd3 49. Qa6+ b5 50. Qa5 a2 0-1

[Event "rhusmesterskabet 2019"]
[Site "Aarhus"]
[Date "2019.02.16"]
[Round "5.4"]
[White "Nilssen, Ellen Fredericia"]
[Black "Thogersen, Rasmus"]
[Result "0-1"]
[WhiteElo "2028"]
[BlackElo "2288"]
[PlyCount "88"]
[EventDate "2019.02.??"]
[EventType "swiss"]
[EventRounds "7"]
[EventCountry "DEN"]

1. d4 Nf6 2. c4 g6 3. Nc3 Bg7 4. e4 d6 5. Be2 O-O 6. Bg5 c5 7. d5 e6 8. Qd2
exd5 9. exd5 Qb6 10. Nf3 Bf5 11. Nh4 Ne4 12. Nxe4 Bxe4 13. f3 h6 14. Bxh6 Bxh6
15. Qxh6 Qxb2 16. O-O Bc2 17. Rac1 Ba4 18. Kh1 Qg7 19. Qxg7+ Kxg7 20. f4 Nd7
21. Rf3 Nf6 22. Bd3 Rh8 23. g3 Rae8 24. Bf1 a6 25. Ra3 b5 26. Nf3 Ng4 27. f5
gxf5 28. Nh4 Re5 29. Rf3 Rh5 30. Bd3 bxc4 31. Rxc4 Re1+ 32. Bf1 Bb5 33. Nxf5+
Rxf5 34. Rxg4+ Kf6 35. Rxf5+ Kxf5 36. Rf4+ Ke5 37. Kg2 Rxf1 38. Rxf1 Bxf1+ 39.
Kxf1 Kxd5 40. Ke2 Ke4 41. h4 d5 42. h5 Kf5 43. g4+ Kg5 44. Kd3 f5 0-1

[Event "rhusmesterskabet 2019"]
[Site "Aarhus"]
[Date "2019.02.16"]
[Round "5.5"]
[White "Taylor, Graham C"]
[Black "Ramsdal, Jens Albert"]
[Result "0-1"]
[WhiteElo "1877"]
[BlackElo "2256"]
[PlyCount "72"]
[EventDate "2019.02.??"]
[EventType "swiss"]
[EventRounds "7"]
[EventCountry "DEN"]

1. e4 c5 2. Nf3 Nc6 3. d4 cxd4 4. Nxd4 Qb6 5. Nb3 Nf6 6. Nc3 e6 7. Be3 Qc7 8.
f3 a6 9. Qd2 Be7 10. g4 Ne5 11. Nd4 Bb4 12. O-O-O Bxc3 13. Qxc3 Qxc3 14. bxc3
b5 15. Bf4 Nxf3 16. Nxf3 Nxe4 17. Be3 Nxc3 18. Rd3 Nxa2+ 19. Kb2 Nb4 20. Rb3
Nc6 21. Be2 d5 22. Nd4 Nxd4 23. Bxd4 f6 24. g5 e5 25. gxf6 gxf6 26. Bh5+ Kd7
27. Bb6 Kc6 28. Ba5 Be6 29. Rc3+ Kd6 30. Rc7 e4 31. Bf7 Bxf7 32. Rxf7 Ke6 33.
Rb7 h5 34. Rb6+ Ke5 35. Rd1 d4 36. c4 bxc4 0-1

[Event "rhusmesterskabet 2019"]
[Site "Aarhus"]
[Date "2019.02.16"]
[Round "5.6"]
[White "Pedersen, Karsten Nymann"]
[Black "Thybo, Thomas Sondergaard"]
[Result "1/2-1/2"]
[WhiteElo "2035"]
[BlackElo "2164"]
[PlyCount "40"]
[EventDate "2019.02.??"]
[EventType "swiss"]
[EventRounds "7"]
[EventCountry "DEN"]

1. d4 Nf6 2. Nf3 d6 3. g3 g6 4. Bg2 Bg7 5. O-O O-O 6. c4 Nbd7 7. Nc3 e5 8. e4
c6 9. b3 Re8 10. dxe5 Nxe5 11. Nxe5 dxe5 12. Qxd8 Rxd8 13. Rd1 Be6 14. Be3 Nd7
15. Rac1 Bf8 16. Na4 Bb4 17. c5 Ba3 18. Rb1 Bb4 19. Rbc1 Ba3 20. Rb1 Bb4
1/2-1/2

[Event "rhusmesterskabet 2019"]
[Site "Aarhus"]
[Date "2019.02.16"]
[Round "5.7"]
[White "Jessen, Alexander"]
[Black "Christensen, John Christopher H"]
[Result "1/2-1/2"]
[WhiteElo "2042"]
[BlackElo "1814"]
[PlyCount "82"]
[EventDate "2019.02.??"]
[EventType "swiss"]
[EventRounds "7"]
[EventCountry "DEN"]

1. d4 d5 2. c4 c6 3. Nf3 Nf6 4. Nc3 e6 5. cxd5 exd5 6. Bg5 Be7 7. Qc2 Be6 8. e3
O-O 9. Bd3 h6 10. Bh4 Nbd7 11. O-O Rc8 12. Ne5 Nxe5 13. dxe5 Ng4 14. Bg3 Bh4
15. Bf4 d4 16. Nd1 dxe3 17. Nxe3 Bg5 18. Rad1 Nxe3 19. Bxe3 Qc7 20. f4 Bd8 21.
Qe2 Bd5 22. Bf5 Be6 23. Bb1 Bd5 24. Bd4 f5 25. exf6 Bxf6 26. Qc2 Bxd4+ 27. Rxd4
Qb6 28. Qf2 Rce8 29. Kh1 Qb5 30. Bd3 Qc5 31. a3 Rd8 32. Bc4 a5 33. h3 Kh8 34.
Bxd5 Rxd5 35. Rxd5 Qxd5 36. Qe2 Rd8 37. Re1 b5 38. Qc2 c5 39. Qg6 Qd2 40. Re8+
Rxe8 41. Qxe8+ Kh7 1/2-1/2

[Event "rhusmesterskabet 2019"]
[Site "Aarhus"]
[Date "2019.02.16"]
[Round "5.8"]
[White "Stovring, Claus"]
[Black "Graabaek, Sebastian"]
[Result "1-0"]
[WhiteElo "2023"]
[BlackElo "1662"]
[PlyCount "37"]
[EventDate "2019.02.??"]
[EventType "swiss"]
[EventRounds "7"]
[EventCountry "DEN"]

1. e4 c5 2. Nf3 d6 3. Bb5+ Nc6 4. O-O a6 5. Bxc6+ bxc6 6. h3 e5 7. c3 Nf6 8. d4
cxd4 9. cxd4 Qc7 10. Nc3 Be7 11. Bg5 O-O 12. Rc1 Rb8 13. Bxf6 Bxf6 14. Nd5 Qb7
15. Nxf6+ gxf6 16. dxe5 fxe5 17. Qxd6 Bd7 18. Nxe5 Rbd8 19. Nxd7 1-0

[Event "rhusmesterskabet 2019"]
[Site "Aarhus"]
[Date "2019.02.17"]
[Round "6.1"]
[White "Fogh, Jens Olaf Svanholm"]
[Black "Pedersen, Nicolai Kvist Brond"]
[Result "1/2-1/2"]
[WhiteElo "2062"]
[BlackElo "2269"]
[PlyCount "54"]
[EventDate "2019.02.??"]
[EventType "swiss"]
[EventRounds "7"]
[EventCountry "DEN"]

1. d4 Nf6 2. Nf3 d5 3. e3 c5 4. Be2 Nc6 5. O-O Bg4 6. Ne5 Bxe2 7. Qxe2 e6 8.
Nd2 cxd4 9. Nxc6 bxc6 10. exd4 Bd6 11. c4 O-O 12. c5 Bc7 13. Qa6 Qd7 14. b4 e5
15. a4 Rfb8 16. dxe5 Bxe5 17. Rb1 Qc8 18. Qxc8+ Rxc8 19. Nf3 Nd7 20. Be3 Bf6
21. Rfc1 a6 22. b5 axb5 23. axb5 cxb5 24. Rxb5 Rc6 25. g3 Rac8 26. Rd1 Nxc5 27.
Rxd5 Ne6 1/2-1/2

[Event "rhusmesterskabet 2019"]
[Site "Aarhus"]
[Date "2019.02.17"]
[Round "6.2"]
[White "Thogersen, Rasmus"]
[Black "Christensen, Tobias"]
[Result "0-1"]
[WhiteElo "2288"]
[BlackElo "2351"]
[PlyCount "62"]
[EventDate "2019.02.??"]
[EventType "swiss"]
[EventRounds "7"]
[EventCountry "DEN"]

1. e4 e6 2. d4 d5 3. Nd2 dxe4 4. Nxe4 Nd7 5. Nf3 Ngf6 6. Bd3 c5 7. O-O cxd4 8.
Nxd4 Bc5 9. Nxc5 Nxc5 10. Bc4 O-O 11. b4 Na4 12. Bb3 Nc3 13. Qe1 Qxd4 14. Be3
Qe5 15. f4 Qc7 16. Bc5 Ncd5 17. Qe5 Qxe5 18. fxe5 Ne4 19. Bxf8 Kxf8 20. c4 Nxb4
21. Rf4 f5 22. exf6 Nxf6 23. Rd4 Nc6 24. Rd2 e5 25. Re1 Be6 26. h3 a5 27. Ba4
e4 28. Bb5 Rc8 29. a3 Ne5 30. Rd4 Nxc4 31. Rc1 Nxa3 0-1

[Event "rhusmesterskabet 2019"]
[Site "Aarhus"]
[Date "2019.02.17"]
[Round "6.3"]
[White "Vinther Schou, Uffe"]
[Black "Ramsdal, Jens Albert"]
[Result "1-0"]
[WhiteElo "2347"]
[BlackElo "2256"]
[PlyCount "129"]
[EventDate "2019.02.??"]
[EventType "swiss"]
[EventRounds "7"]
[EventCountry "DEN"]

1. e4 g6 2. d4 Bg7 3. Nf3 d6 4. h3 Nf6 5. Bd3 Nbd7 6. O-O O-O 7. Re1 e5 8. c3
Re8 9. Na3 a6 10. Nc2 b6 11. b4 exd4 12. cxd4 Bb7 13. Nd2 c5 14. Bb2 Nh5 15.
Nc4 Qc7 16. bxc5 dxc5 17. Rc1 b5 18. Nd2 Qa5 19. Ba1 c4 20. Bf1 Bh6 21. Ne3
Ndf6 22. d5 Qb6 23. Qc2 Ng3 24. Bxf6 Nxf1 25. Ndxf1 Qxf6 26. Ng4 Qg7 27. Nxh6+
Qxh6 28. Rcd1 Rad8 29. Qc3 Qf4 30. g3 Qe5 31. Qb4 Bc8 32. Kg2 Qh5 33. g4 Qh4
34. Ng3 Qf6 35. Re3 Bb7 36. Ne2 Rd7 37. a4 Qe7 38. Qc3 Qc5 39. axb5 axb5 40.
Qd4 Rc8 41. Rb1 Rd6 42. Qxc5 Rxc5 43. Nc3 Ba6 44. Na2 Bc8 45. Nb4 Bd7 46. Rc3
h5 47. g5 Kf8 48. Ra1 Rc7 49. Ra8+ Ke7 50. Rb8 Rc5 51. f4 f5 52. gxf6+ Rxf6 53.
Kg3 h4+ 54. Kf3 Bxh3 55. e5 Rf7 56. Ke4 Bg2+ 57. Kd4 Rc7 58. d6+ Kd7 59. dxc7
Kxc7 60. Rxb5 Rxf4+ 61. Kc5 Kd7 62. Nd5 Rf5 63. Rb7+ Kc8 64. Re7 Kd8 65. Re6
1-0